| 000 | 00996nam a2200217 i 4500 | ||
|---|---|---|---|
| 001 | 137038 | ||
| 003 | ES-MaACL | ||
| 005 | 20251005063115.0 | ||
| 007 | t| | ||
| 008 | 070214s1926 fr r ||||1| fre d | ||
| 100 | 1 |
_aSainte-Beuve, Charles-Augustin, _d1804-1869 _9162958 |
|
| 245 | 1 | 0 |
_aPort-Royal / _cCharles-Augustin Sainte-Beuve ; edition documentaire établie par René Louis Doyon, Charles Marchesne. |
| 260 |
_aParis : _bLa Connaissance, _c1926. |
||
| 300 |
_a10 v. ; _c26 cm. |
||
| 505 | 8 | _aContiene: Tomo I. Origines Et renaissance De Port-Royal -- Tomo II. Le Port-Royal De M. De Saint-Cyran --Tomo III- IV. Pascal -- Tomo V. Les petites ècoles ---. Tomo VI-VII. La seconde generation de Port-Royal -- Tomo VIII-IX. Le Port-Royal finissant --. Tomo X Tables analytique et chronologiques | |
| 650 | 4 |
_aJansenismo. _9151988 |
|
| 700 | 0 |
_aDoyon, René Louis. _945559 |
|
| 700 | 1 |
_aMarchesné, Charles. _9164307 |
|
| 852 |
_aES-MaACL _jA-2331-40 |
||
| 999 |
_c137038 _d137038 |
||